Compra Pública de Alimentos da Agricultura Familiar 2 : (Registro n. 86582)
[ somente texto ]
| 000 -LÍDER | |
|---|---|
| Campo de controle fixo | 01453nam a22002537a 4500 |
| 001 - NÚMERO DE CONTROLE | |
| Número de controle | BR2023001039 |
| 003 - CÓDIGO MARC DA AGÊNCIA CATALOGADORA | |
| Campo de controle | BR-BrBNA |
| 005 - DATA E HORA DA ÚLTIMA ATUALIZAÇÃO | |
| Campo de controle | 20231027125331.0 |
| 008 - CAMPO DE TAMANHO FIXO | |
| Campo fixo de controle | 231026b2016 bl.a|||| |||| 00| 0 por d |
| 040 ## - FONTE DA CATALOGAÇÃO | |
| Agência catalogadora | BR-BrBNA |
| Idioma da catalogação | por |
| 041 ## - CÓDIGO DO IDIOMA | |
| Código do Idioma | por |
| 072 ## - CATEGORIA AGRIS | |
| Código da categoria de assunto/objeto | <a href="F08; J10">F08; J10</a> |
| Código do objeto | 9000 |
| 110 1# - ENTRADA PRINCIPAL - ENTIDADE | |
| 9 (RLIN) | 7107 |
| Nome da entidade ou lugar | Ministério do Desenvolvimento Agrário, Brasília, DF (Brasil) |
| 245 ## - TÍTULO PRINCIPAL | |
| Título principal | Compra Pública de Alimentos da Agricultura Familiar 2 : |
| Subtítulo | PAA Compra Institucional |
| 260 ## - IMPRENTA (PUBLICAÇÃO, DISTRIBUIÇÃO, ETC.) | |
| Lugar de publicação, distribuição, etc. | Brasília, DF (Brasil) : |
| Nome do editor, distribuidor, etc. | Ascom MDA |
| Data de publicação, distribuição, etc | 2016 |
| 300 ## - DESCRIÇÃO FÍSICA | |
| Extensão | 65 p. |
| 490 ## - INDICAÇÃO DE SÉRIE | |
| Título da série | Cadernos da Agricultura Familiar - Ministério do Desenvolvimento Agrário (Brazil) |
| Número do volume ou designação sequencial da série | no. 2 |
| ISSN | 2448-2404 |
| 520 ## - NOTA DE RESUMO, ETC | |
| Nota de conteúdo | Desde 2012, estados, municípios e órgãos federais da administração direta e indireta estão autorizados, por decreto federal, a comprar alimentos, com recursos financeiros próprios, diretamente do agricultor familiar para compor as refeições oferecidas em restaurantes universitários, refeitórios de creches e escolas filantrópicas, quartéis, presídios, hospitais, redes de assistência social e outros equipamentos públicos do município.<br/>A compra deve ser realizada por meio de edital de chamada pública, via modalidade Compra Institucional do Programa de Aquisição de Alimentos (PAA). Por isso é mais simples. |
| 650 ## - ASSUNTO - THESAGRO | |
| Cabeçalho tópico ou nome geográfico | AGRICULTURA FAMILIAR |
| 650 ## - ASSUNTO - THESAGRO | |
| Cabeçalho tópico ou nome geográfico | PRODUCAO DE ALIMENTOS |
| 650 ## - ASSUNTO - THESAGRO | |
| Cabeçalho tópico ou nome geográfico | COMPRA |
| 909 ## - IDENTIFICAÇÃO DO CATALOGADOR | |
| Ano e mês da catalogação (aaaamm) | 202310 |
| Identificação do catalogador | Wanessa Ribeiro |
| 942 ## - TIPO ESPECÍFICO | |
| Tipo de material | Monografia Seriada |
| 952 ## - LOCATION AND ITEM INFORMATION (KOHA) | |
| -- | 2023-10-27 |
| Status de empréstimo | Fonte de classificação | Status de danificação | Não pode ser emprestado | Código da coleção | Localização permanente | Localização atual | Localização na estante | Total Checkouts | Número de chamada | Código de barras | Tipo de material |
|---|---|---|---|---|---|---|---|---|---|---|---|
| Classificação AGRIS | Agrobase | Biblioteca Nacional de Agricultura - Binagri | Biblioteca Nacional de Agricultura - Binagri | Agrobase - Acervo Geral | F08 BR2023001039 | 2023-436607 | Livros |

BINAGRI